Women of Saturday Night Live Quiz Stats

 Plays Quiz not verified by Sporcle

Also try: That '70s Show
Challenge
Share
Tweet
Embed
Score 0/16 Timer 07:00
0 Plays Today
Years Comedienne % Correct
1998-2009Tina Fey
93.5%
2001-2009Amy Poehler
89.5%
2000-2009Maya Rudolph
74.7%
1975-1980Gilda Radner
69.7%
1995-2007Molly Shannon
68.2%
1995-2000Cheri Oteri
64.6%
1999-2006Rachel Dratch
62.8%
1975-1980Jane Curtin
62.8%
Years Comedienne % Correct
1996-2004Ana Gasteyer
50.5%
2005-2009Kristin Wiig
39%
2008-2009Abby Elliot
31.8%
2008-2009Casey Wilson
24.5%
2008-2009Michaela Watkins
16.6%
1993-1994Sarah Silverman
14.8%
1991-1994Melanie Hutsell
5.4%
1994-1995Jeneane Garofalo
0.7%

You're not logged in!

Compare scores with friends on all Sporcle quizzes.
OR
Log In

You Might Also Like...

Show Comments

Extras

Top Quizzes Today


Score Distribution

Your Account Isn't Verified!

In order to create a playlist on Sporcle, you need to verify the email address you used during registration. Go to your Sporcle Settings to finish the process.

Report this User

Report this user for behavior that violates our Community Guidelines.

Details: